Frontière de la Pologne - Statistiques

Statistiques générales
  • Ce quiz a été pris 157 fois
  • Le résultat moyen est 7 sur 7
Statistiques - réponses
Km Pays % Correct
467 Allemagne
98%
210 Russie (Kaliningrad)
98%
796 République tchèque
94%
418 Biélorussie
92%
104 Lituanie
91%
541 Slovaquie
89%
535 Ukraine
88%
Aucun quiz correspondant
Distribution des résultats
% des personnes avec chaque résultat
Percentile par nombre de réponses
Votre historique - résultats
Vous n’avez pas pris ce quiz